التقرير الإحصائي السنوي لحوادث عام 2003 / (رقم التسجيلة. 93088)

تفاصيل مارك
000 -LEADER
fixed length control field 00728nam a22001937a 4500
005 - DATE AND TIME OF LATEST TRANSACTION
control field 20251108172954.0
008 - FIXED-LENGTH DATA ELEMENTS--GENERAL INFORMATION
fixed length control field 250721s2004 xx 000 0 ara d
082 14 - DEWEY DECIMAL CLASSIFICATION NUMBER
Classification number 363.2/ تقر
245 10 - TITLE STATEMENT
Title التقرير الإحصائي السنوي لحوادث عام 2003 /
264 1# - PRODUCTION, PUBLICATION, DISTRIBUTION, MANUFACTURE, AND COPYRIGHT NOTICE
Place of production, publication, distribution, manufacture عمان :
Name of producer, publisher, distributor, manufacturer المديرية العامة للدفاع المدني،
Date of production, publication, distribution, manufacture, or copyright notice 2004.
300 ## - PHYSICAL DESCRIPTION
Extent 233 ص.
490 0# - SERIES STATEMENT
Series statement المديرية العامة للدفاع المدني إدارة العمليات
Volume/sequential designation 8
650 17 - SUBJECT ADDED ENTRY--TOPICAL TERM
Topical term or geographic name as entry element الحوادث
650 17 - SUBJECT ADDED ENTRY--TOPICAL TERM
Topical term or geographic name as entry element التقرير
650 17 - SUBJECT ADDED ENTRY--TOPICAL TERM
Topical term or geographic name as entry element الدفاع المدني
710 2# - ADDED ENTRY--CORPORATE NAME
Corporate name or jurisdiction name as entry element المديرية العامة للدفاع المدني-إدارة العمليات-
942 ## - ADDED ENTRY ELEMENTS (KOHA)
Source of classification or shelving scheme Dewey Decimal Classification
Koha item type كتب
المقتنيات
حالة السحب حالة الفقدان مصدر التصنيف حالة التلف غير قابل للإعارة المكتبة الرئيسية المكتبة الحالية موقع الرف تاريخ التزويد الرقم المتسلسل Total Checkouts رقم الإستدعاء الباركود تاريخ آخر ظهور تاريخ الفاتورة نوع المادة (كوها)
    Dewey Decimal Classification     المكتبة المركزية المكتبة المركزية الإعارة 28/07/2025 816981   363.2/ تقر 816981 28/07/2025 28/07/2025 كتب
    Dewey Decimal Classification     المكتبة المركزية المكتبة المركزية الإعارة 28/07/2025 816982   363.2/ تقر 816982 28/07/2025 28/07/2025 كتب
Implemented & Customized by: BBB with SCIT (Smart Chains for Information Technology)

Powered by Koha